000 nam a22 7a 4500
999 _c9747
_d9747
008 180207b ||||| |||| 00| 0 eng d
100 _aBlyton, E
_95851
245 _aGood old street seven
260 _aLondon
_bHadder Publication
_c2004